| 000 | 01242cam a22002771a 4500 | ||
|---|---|---|---|
| 001 | gs 07000384 | ||
| 003 | DLC | ||
| 005 | 20260227111305.0 | ||
| 008 | 831214s1843 nyuf b 000 0 eng | ||
| 010 | _ags 07000384 | ||
| 035 | _a(OCoLC)35836564 | ||
| 040 |
_aDLC _cIaU _dNAlf _dDLC |
||
| 043 | _an-us-ny | ||
| 050 | 0 | 0 |
_aQH105.N7 _bN2 div. 2 |
| 051 |
_aQK177 _b.T69 |
||
| 100 | 1 |
_aTorrey, John, _d1796-1873. |
|
| 245 | 1 | 2 |
_aA flora of the state of New York : _bcomprising full descriptions of all the indigenous and naturalized plants hitherto discovered in the state; with remarks on their economical and medicinal properties / _cby John Torrey. |
| 260 |
_aAlbany : _bCarroll and Cook, Printers to the Assembly, _c1843. |
||
| 300 |
_a2 v. : _bplates (1 folded) ; _c29 cm. |
||
| 440 | 0 |
_aNatural history of New York ; _vdiv. 2 |
|
| 500 | _aAdded t.-p., engraved, with vignette. | ||
| 500 | _aGeneral author and subject index may be found in "Index to publications of the New York natural history survey and New York State museum. By Mary Ellis. 1903." (New York. State museum. Bulletin 66) | ||
| 504 | _aBibliography: vol.I, p.[ix]-xii. | ||
| 650 | 0 |
_aBotany _zNew York (State) |
|
| 710 | 1 |
_aNew York (State). _bNatural History Survey. |
|
| 999 |
_c24573 _d24573 |
||